000
00281nam a2200133Ia 4500
100
_a
Kreyszig/E
942
_c
BK
654
_a
Advanced Engg.
245
_a
Advanced Engg. Mathematics
260
_b
John wiley
_a
New York
_c
1972
300
_a
866
546
_a
ENGLISH
999
_c
30475
_d
30475